LEADER 01766nam 2200385Ia 450 001 996388482703316 005 20200824132617.0 035 $a(CKB)4940000000087476 035 $a(EEBO)2240875371 035 $a(OCoLC)ocm53299009e 035 $a(OCoLC)53299009 035 $a(EXLCZ)994940000000087476 100 $a20031028d1661 uy 0 101 0 $aeng 135 $aurbn||||a|bb| 200 14$aThe confession of faith, and the larger and shorter catechism$b[electronic resource] $efirst agreed upon by the Assembly of Divines at Westminster. And now approved by the General Assembly of the Kirk of Scotland, to be a part of uniformity in religion between the kirks of Christ in the three kingdomes 210 $aGlasgow, $cPrinted by a society of stationers$dAnno Dom. 1661 215 $a186, [48] p 300 $a"The larger catechism" has special t.p. with continuous pagination; "The summe of saving knowledge" has special t.p. with no pagination but register is continuous. 300 $aImperfect: faded, tightly bound with some loss of text. 300 $aReproduction of original in: National Library of Scotland. 327 $aThe confession of faith -- The larger catechism -- The shorter catechism -- The summe of saving knowledge. 330 $aeebo-0097 606 $aPresbyterianism$vEarly works to 1800 615 0$aPresbyterianism 701 2$aDickson$b David$f1583?-1663.$01001956 712 02$aChurch of Scotland.$bGeneral Assembly. 712 12$aWestminster Assembly$f(1643-1652). 712 12$aWestminster Assembly$f(1643-1652). 801 0$bEAE 801 1$bEAE 906 $aBOOK 912 $a996388482703316 996 $aThe confession of faith, and the larger and shorter catechism$92351959 997 $aUNISA LEADER 01180nam 2200361Ia 450 001 996393731403316 005 20221108080024.0 035 $a(CKB)4940000000116939 035 $a(EEBO)2240961361 035 $a(OCoLC)12484468 035 $a(EXLCZ)994940000000116939 100 $a19850903d1699 uy | 101 0 $aeng 135 $aurbn||||a|bb| 200 14$aThe bride-womans counseller$b[electronic resource] $ebeing a sermon preach'd at a wedding, May the 11th, 1699, at Sherbourn, in Dorsetshire /$fby John Sprint 210 $aLondon $cPrinted by H. Hills ... for the benefit of the poor$d[1699?] 215 $a16 p 300 $aDate of publication from NUC pre-1956 imprints. 300 $aReproduction of original in Clark Library, University of California, Los Angeles. 330 $aeebo-0189 606 $aWedding sermons 606 $aSermons, English 615 0$aWedding sermons. 615 0$aSermons, English. 700 $aSprint$b John$01009433 801 0$bEAA 801 1$bEAA 801 2$bm/c 801 2$bWaOLN 906 $aBOOK 912 $a996393731403316 996 $aThe bride-womans counseller$92331078 997 $aUNISA LEADER 01512nas 2200469- 450 001 9910626148703321 005 20240118213020.0 011 $a2376-984X 035 $a(OCoLC)899201861 035 $a(CKB)3710000000537505 035 $a(CONSER)--2015204004 035 $a(EXLCZ)993710000000537505 100 $a20150105auuuu9999 s-- a 101 0 $aeng 135 $aurcnu|||||||| 181 $ctxt$2rdacontent 182 $cc$2rdamedia 183 $acr$2rdacarrier 200 10$a... Annual Pacific Voice Conference 210 1$aPiscataway, NJ :$cIEEE 300 $aProceedings of conference. 311 $a2376-9831 517 1 $aPVC ... 517 1 $aProceedings 517 1 $aPacific Voice Conference (PVC) ... Annual 531 0 $aAnnu. Pac. Voice Conf. 606 $aAutomatic speech recognition$vCongresses 606 $aSpeech processing systems$vCongresses 606 $aAutomatic speech recognition$2fast$3(OCoLC)fst00822769 606 $aSpeech processing systems$2fast$3(OCoLC)fst01129243 608 $aPeriodicals.$2fast 608 $aConference papers and proceedings.$2fast 615 0$aAutomatic speech recognition 615 0$aSpeech processing systems 615 7$aAutomatic speech recognition. 615 7$aSpeech processing systems. 676 $a006.4 712 02$aInstitute of Electrical and Electronics Engineers, 906 $aCONFERENCE 912 $a9910626148703321 996 $a.. Annual Pacific Voice Conference$92502586 997 $aUNINA